Infrastructure development and the role of public private partnership (Record no. 59534)
[ view plain ]
| 000 -LEADER | |
|---|---|
| fixed length control field | 00538nam a22001937a 4500 |
| 005 - DATE & TIME | |
| control field | 20250326121445.0 |
| 008 - FIXED-LENGTH DATA ELEMENTS--GENERAL INFORMATION | |
| fixed length control field | 250326b |||||||| |||| 00| 0 eng d |
| 020 ## - ISBN | |
| International Standard Book Number | 9788177084504 |
| Price | 1965.00 |
| 040 ## - CATALOGING SOURCE | |
| Original cataloging agency | Doon University |
| 041 ## - Language | |
| Language | English |
| 082 ## - DDC NUMBER | |
| Classification number | 338.0954 |
| Book Number | SAT |
| 100 ## - MAIN ENTRY--PERSONAL NAME | |
| Personal name | Satyanarayan G. |
| 245 ## - TITLE STATEMENT | |
| Title | Infrastructure development and the role of public private partnership |
| 260 ## - PUBLICATION, DISTRIBUTION, ETC. (IMPRINT) | |
| Place of publication, distribution, etc | New Delhi |
| Name of publisher, distributor, etc | New Century |
| Date of publication, distribution, etc | 2017 |
| 300 ## - PHYSICAL DESCRIPTION | |
| Pages | 373 |
| 650 ## - Subject | |
| Subject | Urban Study |
| 700 ## - Added Entry Personal Name | |
| Added Entry Personal Name | Madhusudana H. S. |
| 942 ## - ADDED ENTRY ELEMENTS (KOHA) | |
| Koha item type | Books |
| 100 ## - MAIN ENTRY--PERSONAL NAME | |
| -- | 25447 |
| 650 ## - Subject | |
| -- | 25322 |
| 700 ## - Added Entry Personal Name | |
| -- | 25448 |
| 952 ## - LOCATION AND ITEM INFORMATION (KOHA) | |
| -- | 2025-03-26 |
| 952 ## - LOCATION AND ITEM INFORMATION (KOHA) | |
| -- | 2025-03-26 |
| Withdrawn status | Lost status | Source of classification or shelving scheme | Damaged status | Not for loan | Location (home branch) | Sublocation or collection (holding branch) | Date acquired | Koha issues (times borrowed) | Koha full call number | Accession No. | Koha date last seen | Koha item type |
|---|---|---|---|---|---|---|---|---|---|---|---|---|
| Doon University | Doon University | 26.03.2025 | 338.0954 SAT | 50613 | 26.03.2025 | Books | ||||||
| Doon University | Doon University | 19.03.2025 | 338.0954 SAT | 50614 | 26.03.2025 | Books |